Spolupráca so SZČO ako nelegálne zamestnávanie - nová hrozba

Firmy a zamestnávanie ľudí cez živnosť namiesto uzavretia pracovnej zmluvy ako dôsledok vysokého daňovo - odvodového zaťaženia na Slovensku. Živnosť ako náhrada pracovného pomeru. Závislá práca v zmysle Zákonníka práce. Hlavné výhody práce na živnosť z hľadiska zamestnávateľa. Nelegálne zamestnávani...

ver descrição completa

Na minha lista:
Detalhes bibliográficos
Autor principal: Jaško, Jozef
Formato: Capítulo de Livro
Idioma:eslovaco
Assuntos:
Tags: Adicionar Tag
Sem tags, seja o primeiro a adicionar uma tag!

MARC

LEADER 00000naa a2200000 4500
001 0287635
005 20240417075213.4
041 0 |a slo 
044 |a SK 
245 1 0 |a Spolupráca so SZČO ako nelegálne zamestnávanie - nová hrozba  |c Jozef Jaško 
520 |a Firmy a zamestnávanie ľudí cez živnosť namiesto uzavretia pracovnej zmluvy ako dôsledok vysokého daňovo - odvodového zaťaženia na Slovensku. Živnosť ako náhrada pracovného pomeru. Závislá práca v zmysle Zákonníka práce. Hlavné výhody práce na živnosť z hľadiska zamestnávateľa. Nelegálne zamestnávanie. Kontrola nelegálnej práce a nelegálneho zamestnávania. 
610 2 0 |a živnosti 
610 2 0 |a podnikanie 
610 2 0 |a osoby samostatne zárobkovo činné 
610 2 0 |a zmluvy pracovné 
610 2 0 |a pomer pracovný 
610 2 0 |a práca nelegálna 
610 2 0 |a zaťaženie daňové 
610 2 0 |a zákonník práce 
610 2 0 |a Slovensko 
100 1 |a Jaško, Jozef